书目信息 |
| 题名: |
中文版3ds Max 2020 VRay效果图制作从入门到精通
|
|
| 作者: | 曹茂鹏 编著 ;唯美世界 编著 | |
| 分册: | ||
| 出版信息: | 北京 中国水利水电出版社 2020.04 |
|
| 页数: | 422页 | |
| 开本: | 26cm | |
| 丛书名: | ||
| 单 册: | ||
| 中图分类: | TU391.414 | |
| 科图分类: | ||
| 主题词: | 室内装饰设计--shi nei zhuang shi she ji--计算机辅助设计--三维动画软件 | |
| 电子资源: | ||
| ISBN: | 978-7-5170-8084-8 | |
| 000 | 01016nam0 2200241 450 | |
| 001 | 0109110212 | |
| 005 | 20201109110338.0 | |
| 010 | @a978-7-5170-8084-8@dCNY128.00 | |
| 100 | @a20200622d2020 em y0chiy0110 ea | |
| 101 | 0 | @achi |
| 102 | @aCN@b110000 | |
| 105 | @aa z 000yy | |
| 106 | @ar | |
| 200 | 1 | @a中文版3ds Max 2020 VRay效果图制作从入门到精通@Azhong wen ban 3ds Max 2020 VRay xiao guo tu zhi zuo cong ru men dao jing tong@e微课视频 全彩版@f唯美世界, 曹茂鹏编著 |
| 210 | @a北京@c中国水利水电出版社@d2020.04 | |
| 215 | @a422页@d26cm | |
| 330 | @a本书共21章,其中,第1-13章分别介绍了效果图制作相关知识、3dsMax2020和VRay工具的使用与操作;第14-21章通过8个具体的大型室内设计案例展示了使用3dsMax和VRay道染器进行实际项目设计的全过程。 | |
| 606 | 0 | @a室内装饰设计@Ashi nei zhuang shi she ji@x计算机辅助设计@x三维动画软件 |
| 690 | @aTU391.414@v5 | |
| 701 | 0 | @a曹茂鹏@Acao mao peng@4编著 |
| 712 | 02 | @a唯美世界@Awei mei shi jie@4编著 |
| 801 | 0 | @aCN@bBJSZM@c20201103 |
| 905 | @b1240615-7@dTU391.414@e1720@f3 | |
| 中文版3ds Max 2020 VRay效果图制作从入门到精通:微课视频 全彩版/唯美世界, 曹茂鹏编著.-北京:中国水利水电出版社,2020.04 |
| 422页;26cm |
| ISBN 978-7-5170-8084-8:CNY128.00 |
| 本书共21章,其中,第1-13章分别介绍了效果图制作相关知识、3dsMax2020和VRay工具的使用与操作;第14-21章通过8个具体的大型室内设计案例展示了使用3dsMax和VRay道染器进行实际项目设计的全过程。 |
| ● |
| 相关链接 |
|
|
|
|
正题名:中文版3ds Max 2020 VRay效果图制作从入门到精通
索取号:TU391.414/1720
 
预约/预借
| 序号 | 登录号 | 条形码 | 馆藏地/架位号 | 状态 | 备注 |
| 1 | 1240615 | 212406154 | 第二样本阅览室/ [索取号:TU391.414/1720] | 在馆 | |
| 2 | 1240616 | 212406163 | 第三借阅区/ [索取号:TU391.414/1720] | 在馆 | |
| 3 | 1240617 | 212406172 | 第三借阅区/ [索取号:TU391.414/1720] | 在馆 |